Ч. 2; Новый справочник химика и технолога. Процессы и аппараты химических технологий

Detalles Bibliográficos
Parent link:Новый справочник химика и технолога. Процессы и аппараты химических технологий: в 2 ч.. Ч. 2.— , 2004-2006
Outros autores: Островский Г. М. Георгий Максимович, Абиев Р. Ш. Руфат Шовкетович, Александров В. М. Вадим Маратович, Биленко Л. Ф. Леонид Федорович, Богданов С. П. Сергей Павлович
Summary:Справочник посвящен процессам и аппаратам химических технологий. Во второй части тома рассматриваются процессы и аппараты, которые являются традиционными для химических и смежных с ними производств. Это механические процессы — классификация твердых частиц по размерам и извлечение их из потоков жидкости и газа; тепло- и массообменные процессы — выпаривание, сушка, адсорбция, экстракция из жидкости и твердого тела, кристаллизация; реакционные процессы, происходящие в различных химических реакторах и печах; мембранные процессы разделения жидкостей и газов. Новым для справочной литературы является раздел, посвященный надежности аппаратов и технологических установок и качеству получаемых продуктов. Наука о процессах и аппаратах на современном этапе развития химической технологии является интегральной, объединяющей в себе механику различных сред, термодинамику, массо- и энергоперенос, а ее применение требует объединения усилий химика, имеющего глубокие теоретические знания, и технолога, владеющего необходимым объемом знаний в рамках специальности «Машины и аппараты химической промышленности» («Chemical Engineering»). Справочник рассчитан на широкий круг читателей — химиков, технологов, исследователей, преподавателей, аспирантов, студентов.
Idioma:ruso
Publicado: 2006
Subjects:
Formato: MixedMaterials Libro
KOHA link:https://koha.lib.tpu.ru/cgi-bin/koha/opac-detail.pl?biblionumber=105811

MARC

LEADER 00000nam2a2200000 4500
001 105811
005 20231101214631.0
010 |a 5912590038 
035 |a (RuTPU)RU\TPU\book\114173 
090 |a 105811 
100 |a 20061122d2006 km y0rusy50 ca 
101 0 |a rus 
102 |a RU 
105 |a a g 001zy 
200 0 |a Ч. 2  |f Г. М. Островский [и др.] 
210 |d 2006 
215 |a 916 с.  |c ил. 
320 |a Библиогр.: с. 901-909. 
330 |a Справочник посвящен процессам и аппаратам химических технологий. Во второй части тома рассматриваются процессы и аппараты, которые являются традиционными для химических и смежных с ними производств. Это механические процессы — классификация твердых частиц по размерам и извлечение их из потоков жидкости и газа; тепло- и массообменные процессы — выпаривание, сушка, адсорбция, экстракция из жидкости и твердого тела, кристаллизация; реакционные процессы, происходящие в различных химических реакторах и печах; мембранные процессы разделения жидкостей и газов. Новым для справочной литературы является раздел, посвященный надежности аппаратов и технологических установок и качеству получаемых продуктов. Наука о процессах и аппаратах на современном этапе развития химической технологии является интегральной, объединяющей в себе механику различных сред, термодинамику, массо- и энергоперенос, а ее применение требует объединения усилий химика, имеющего глубокие теоретические знания, и технолога, владеющего необходимым объемом знаний в рамках специальности «Машины и аппараты химической промышленности» («Chemical Engineering»). Справочник рассчитан на широкий круг читателей — химиков, технологов, исследователей, преподавателей, аспирантов, студентов. 
461 1 |0 (RuTPU)RU\TPU\book\114717  |t Новый справочник химика и технолога. Процессы и аппараты химических технологий  |o в 2 ч.  |v Ч. 2  |d 2004-2006  |s Профессионал 
606 1 |a Химическая технология  |x Общие вопросы  |2 stltpush  |3 (RuTPU)RU\TPU\subj\68259  |9 83693 
610 1 |a дисперсные частицы 
610 1 |a классификация 
610 1 |a дисперсные фазы 
610 1 |a осаждение 
610 1 |a выпаривание 
610 1 |a сушка 
610 1 |a адсорбция 
610 1 |a кристаллизация 
610 1 |a разделение 
610 1 |a мембранные процессы 
610 1 |a растворение 
610 1 |a экстрагирование 
610 1 |a химическая кинетика 
610 1 |a химические реакторы 
610 1 |a высокотемпературные печи 
610 1 |a высокотемпературные реакторы 
610 1 |a технологические процессы 
610 1 |a технологические установки 
610 1 |a надежность 
610 1 |a справочники 
675 |a 66(035)  |v 3 
701 1 |a Островский  |b Г. М.  |g Георгий Максимович 
701 1 |a Абиев  |b Р. Ш.  |g Руфат Шовкетович 
701 1 |a Александров  |b В. М.  |g Вадим Маратович 
701 1 |a Биленко  |b Л. Ф.  |g Леонид Федорович 
701 1 |a Богданов  |b С. П.  |g Сергей Павлович 
801 1 |a RU  |b 63413507  |c 20061122  |g PSBO 
801 2 |a RU  |b 63413507  |c 20141124  |g PSBO 
942 |c BK